Statistics for Top 5 Tennis Grand Slam Spanish Women's Players in Open Era

Click here to take the quiz!

General Stats

  • This quiz has been taken 31 times
  • The average score is 3 of 5

Answer Stats

#PlayerBest PerformancePoints% Correct
3Garbiñe MuguruzaWin (2)37
93%
1Arantxa Sánchez VicarioWin (4)120
86%
2Conchita MartínezWin (1)74
62%
4Carla Suárez NavarroQuarterfinals23
24%
5Magüi SernaQuarterfinals7
7%

Score Distribution

Percentile by Number Answered

Percent of People with Each Score

Your Score History

You have not taken this quiz